Online
Catalog

Estudios de linguística / (Record no. 11482)

MARC details
000 -CABECERA
campo de control de longitud fija 00887cam a2200277 a 4500
001 - NÚMERO DE CONTROL
campo de control 000011808
005 - FECHA Y HORA DE LA ÚLTIMA TRANSACCIÓN
campo de control 20200929162556.0
008 - DATOS DE LONGITUD FIJA--INFORMACIÓN GENERAL
campo de control de longitud fija 810706s1981 sp b 000 f spa
020 ## - NÚMERO INTERNACIONAL ESTÁNDAR DEL LIBRO
Número Internacional Estándar del Libro 8474231205
035 ## - NÚMERO DE CONTROL DEL SISTEMA
Número de control de sistema (DLC) 80144235
040 ## - FUENTE DE LA CATALOGACIÓN
Centro catalogador/agencia de origen DO-SdBNP
Lengua de catalogación spa
Centro/agencia transcriptor DLC
Centro/agencia modificador BNPHU
082 ## - NÚMERO DE LA CLASIFICACIÓN DECIMAL DEWEY
Número de clasificación 410
Número de documento/Ítem L431e, 1981
049 ## - FONDOS LOCALES (OCLC)
Fondos de biblioteca BNGR
100 1# - ENTRADA PRINCIPAL--NOMBRE DE PERSONA
Nombre de persona Lázaro Carreter, Fernando,
Fechas asociadas al nombre 1923-2004.
9 (RLIN) 16952
245 10 - MENCIÓN DE TÍTULO
Título Estudios de linguística /
Mención de responsabilidad, etc. Fernando Lázaro Carreter.
250 ## - MENCIÓN DE EDICIÓN
Mención de edición 2a ed.
260 ## - PUBLICACIÓN, DISTRIBUCIÓN, ETC.
Lugar de publicación, distribución, etc. Barcelona :
Nombre del editor, distribuidor, etc. Crítica:
-- Grijalbo,
Fecha de publicación, distribución, etc. 1981..
300 ## - DESCRIPCIÓN FÍSICA
Extensión 251 p. ;
Dimensiones 20 cm.
490 1# - MENCIÓN DE SERIE
Mención de serie Estudios de lingüística
490 1# - MENCIÓN DE SERIE
Mención de serie Filología
Designación de volumen o secuencia 8
504 ## - NOTA DE BIBLIOGRAFÍA, ETC.
Nota de bibliografía, etc. Includes bibliographical references.
650 #4 - PUNTO DE ACCESO ADICIONAL DE MATERIA--TÉRMINO DE MATERIA
Término de materia o nombre geográfico como elemento de entrada Linguística
Subdivisión general Enseñanza
9 (RLIN) 27959
650 #4 - PUNTO DE ACCESO ADICIONAL DE MATERIA--TÉRMINO DE MATERIA
Término de materia o nombre geográfico como elemento de entrada Gramática
Subdivisión general Enseñanza
9 (RLIN) 27960
830 #0 - PUNTO DE ACCESO ADICIONAL DE SERIE-TÍTULO UNIFORME
Título uniforme Estudios de lingüística ;
Designación de volumen o secuencia 8,
Nombre de parte o sección de la obra Filología.
9 (RLIN) 27961
910 ## - DATOS DE OPCIÓN DEL USUARIO (OCLC)
Datos de opción del usuario Catalogación derivada
Holdings
Estado de retiro Estado de pérdida Restricciones de uso No para préstamo Código de colección Localización permanente Ubicación/localización actual Ubicación en estantería Fecha de adquisición Número de inventario Total de préstamos Signatura topográfica completa Código de barras Fecha visto por última vez Precio válido a partir de Tipo de ítem Koha Número de copia
    Préstamo interno   Monografías: Libros y Folletos General General En catalogación 27.10.2009 LF1   410 L431e, 1981 11808-10 25.06.2020 25.06.2020 Préstamo interno  
    Préstamo restringido Préstamo restrigido Monografías: Libros y Folletos General General En catalogación 27.10.2009 LF1   410 L431e, 1981 11808-20 25.06.2020 25.06.2020 Préstamo interno e.2

Powered by Koha